Los indicadores bibliométricos : fundamentos y aplicación al análisis de la ciencia /

Tesis doctoral que aborda a la ciencia en dos partes. La primera es separar las dos tradiciones sobre el estudio de la ciencia, la filosófica que se preocupa por la construcción y desarrollo de modelos micro para la dinámica del conocimiento; y la sociológica que concentra sus esfuerzos en el estudi...

ver descrição completa

Na minha lista:
Detalhes bibliográficos
Autor principal: Maltrás Barba, Bruno (autor)
Formato: Livro
Idioma:espanhol
Publicado em: Gijón, España : Trea, 2003, c2003
coleção:(Biblioteconomía y Administración Cultural ; 70)
Assuntos:
Tags: Adicionar Tag
Sem tags, seja o primeiro a adicionar uma tag!

MARC

LEADER 00000nam^a2200000^a^4500
001 000185649
005 20250521000000.0
009 20260310102158.499
020 |a 84-9704-012-0 
037 |a Acervo ITESO - Biblioteca 
041 |a ESP 
082 |a 500.  |b MAL 
100 |a Maltrás Barba, Bruno  |e (autor) 
245 1 4 |a Los indicadores bibliométricos :  |b fundamentos y aplicación al análisis de la ciencia /  |c B. Maltrás Barba. 
264 4 |a Gijón, España :  |b Trea,  |c 2003, c2003 
300 |a 287 p. 
336 |a texto  |b txt  |2 rdacontenido 
337 |a sin mediación  |b n  |2 rdamedio 
338 |a volumen  |b nc  |2 rdasoporte 
440 1 |a (Biblioteconomía y Administración Cultural ;  |v 70) 
520 |a Tesis doctoral que aborda a la ciencia en dos partes. La primera es separar las dos tradiciones sobre el estudio de la ciencia, la filosófica que se preocupa por la construcción y desarrollo de modelos micro para la dinámica del conocimiento; y la sociológica que concentra sus esfuerzos en el estudio de grandes agregados en forma de instituciones y de sistemas observables. La segunda parte de este estudio, y que es el centro de atención del mismo, se reduce a los indicadores bibliométricos entendidos como subconjuntos de las medidas cuantitativas sobre la ciencia. La bibliometría es una parte de la cienciometría y los indicadores bibliométricos son medidas obtenidas a partir del análisis estadístico de los rasgos científicos cuantificables de la literatura científica. 
649 |a XX 
650 |a Literatura Científica, Profesional y Académica -  |x Medición 
650 |a Ciencia -  |x Bibliografías 
650 |a Ciencia -  |x Difusión 
650 |a Ciencia 
910 |a Fondo General 
920 |a Impresos - Libros 
930 |a Colección General 
905 |a 101 
901 |a 0500127175  |b IT1  |c ACC  |u 20250521 
902 |a https://opac.biblio.iteso.mx/vufind/Record/000185649